Home Print Resources E-Books E-Journals IIMT Lecture Series Library Membership Form Book Recommendation Form Campus Tour Take AdmissionAbout Us Contact Us

FUNDAMENTALS OF FINANCIAL DERIVATIVES (Record no. 2609)

000 -LEADER
fixed length control field 00366nam a2200157Ia 4500
003 - CONTROL NUMBER IDENTIFIER
control field OSt
005 - DATE AND TIME OF LATEST TRANSACTION
control field 20240206122418.0
008 - FIXED-LENGTH DATA ELEMENTS--GENERAL INFORMATION
fixed length control field 170524s9999 xx 000 0 und d
020 ## - INTERNATIONAL STANDARD BOOK NUMBER
International Standard Book Number 9788126547395
040 ## - CATALOGING SOURCE
Transcribing agency IIMT UNIVERSITY
100 ## - MAIN ENTRY--PERSONAL NAME
Personal name PARASURAMAN N R
100 ## - MAIN ENTRY--PERSONAL NAME
Titles and words associated with a name 2011
245 #0 - TITLE STATEMENT
Title FUNDAMENTALS OF FINANCIAL DERIVATIVES
260 ## - PUBLICATION, DISTRIBUTION, ETC.
Place of publication, distribution, etc. WILEY
942 ## - ADDED ENTRY ELEMENTS (KOHA)
Source of classification or shelving scheme
Koha item type Text-Book- for 7 days
Holdings
Withdrawn status Lost status Source of classification or shelving scheme Damaged status Not for loan Home library Current library Date acquired Total Checkouts Barcode Date last seen Date last checked out Uniform Resource Identifier Price effective from Koha item type Public note Total Renewals
          IIMT University Central Library Meerut IIMT University Central Library Meerut 05/31/2017 2 01-B-20257 03/02/2021 02/20/2021 management 05/31/2017 Book Bank    
          IIMT University Central Library Meerut IIMT University Central Library Meerut 05/31/2017   01-B-20258 05/31/2017   management 05/31/2017 Book Bank  
          IIMT University Central Library Meerut IIMT University Central Library Meerut 05/31/2017 2 01-B-20259 08/10/2024 02/21/2024 management 05/31/2017 Book Bank   1
          IIMT University Central Library Meerut IIMT University Central Library Meerut 05/31/2017 3 01-B-20260 07/06/2024 03/01/2024 management 05/31/2017 Book Bank    
          IIMT University Central Library Meerut IIMT University Central Library Meerut 05/31/2017 1 01-B-20261 03/03/2021 02/20/2021 management 05/31/2017 Book Bank    
IIMT, Central Library. All Rights Reserved IIMT,UNIVERSITY © 2023
Implemented and Customised by I CLOUDE EMS
You Are OPAC Visitor No
free web counter

Powered by Koha